00357nam a2200109Ia 4500008004100000082000800041100002200049245005800071942000600129952009700135999001500232240331s9999 xx 000 0 und d bWIC aWickramasinghe, M 0aFrom theory to action :bwomen gender and development cL 001040708LaWERCLbWERCLcSSCd2024-03-31l0o 305.3 WICp4221r2024-03-31w2024-03-31yL c1618d1618